| 000 | 00777cam a2200277 a 4500 | ||
|---|---|---|---|
| 001 | 4213771 | ||
| 003 | OSt | ||
| 005 | 20140310182121.0 | ||
| 008 | 820706s1981 enka 000 0aeng | ||
| 010 | _a 81166503 | ||
| 020 |
_a0091460506 : _c£8.95 |
||
| 040 |
_aDLC _cDLC _dDLC |
||
| 043 | _ae-uk--- | ||
| 050 | 0 | 0 |
_aG 490 _b.Y63 1983 |
| 082 | 0 | 0 |
_aHS 931.01 _b.Yo7 1980 |
| 100 | 1 |
_aYoung, Gavin, _d1928- _914033 |
|
| 245 | 1 | 0 |
_aSlow boats to China / _cGavin Young ; illustrations by Salim. |
| 260 |
_aLondon : _bHutchinson, _c1981. |
||
| 300 |
_a488 p. : _bill. ; _c20 cm. |
||
| 541 | _j1 | ||
| 562 | _e1 | ||
| 600 | 1 | 0 |
_aYoung, Gavin, _d1928- _914034 |
| 650 | 0 |
_aChina, _xHistory. _914035 |
|
| 906 |
_a7 _bcbc _corignew _d3 _encip _f19 _gy-gencatlg |
||
| 942 |
_2lcc _cHS |
||
| 999 |
_c9537 _d9537 |
||